The East Asian financial meltdown (Record no. 54375)

000 -LEADER
fixed length control field 00383pab a2200145 454500
008 - FIXED-LENGTH DATA ELEMENTS--GENERAL INFORMATION
fixed length control field 180718b2002 xxu||||| |||| 00| 0 eng d
100 ## - MAIN ENTRY--PERSONAL NAME
Personal name Lucarelli, B.
245 ## - TITLE STATEMENT
Title The East Asian financial meltdown
260 ## - PUBLICATION, DISTRIBUTION, ETC.
Date of publication, distribution, etc. 2002
300 ## - PHYSICAL DESCRIPTION
Extent p.500-16.
650 ## - SUBJECT ADDED ENTRY--TOPICAL TERM
Topical term or geographic name entry element Economic recession - East Asia
650 ## - SUBJECT ADDED ENTRY--TOPICAL TERM
Topical term or geographic name entry element Economic recession
773 ## - HOST ITEM ENTRY
Main entry heading Journal of Contemporary Asia
909 ## -
-- 54375
Holdings
Withdrawn status Lost status Damaged status Not for loan Permanent Location Current Location Date acquired Serial Enumeration / chronology Barcode Date last seen Price effective from Koha item type
        Indian Institute of Public Administration Indian Institute of Public Administration 2018-07-19 Volume no: 32, Issue no: 4 AR54820 2018-07-19 2018-07-19 Articles

Powered by Koha